|
|
|
|
| LEADER |
02472nam a2200385 i 4500 |
| 001 |
39617 |
| 003 |
BD-DhAAL |
| 008 |
220920t2019 enk b 001 0 eng d |
| 999 |
|
|
|c 44026
|d 44026
|
| 010 |
|
|
|a 2018044711
|
| 020 |
|
|
|a 9780815348665 (softcover)
|
| 020 |
|
|
|a 9780815348658 (hardcover)
|
| 040 |
|
|
|a DLC
|b eng
|c DLC
|e rda
|d DLC
|d BD-DhAAL
|
| 042 |
|
|
|a pcc
|
| 050 |
0 |
0 |
|a PN4756
|b .E785 2019
|
| 082 |
0 |
0 |
|a 174.907
|2 23
|
| 245 |
0 |
0 |
|a Ethical reporting of sensitive topics /
|c edited by Ann Luce.
|
| 264 |
|
1 |
|a London ;
|a New York :
|b Routledge,
|c 2019.
|
| 300 |
|
|
|a xiv, 294 pages ;
|c 24 cm.
|
| 504 |
|
|
|a Includes bibliographical references and index.
|
| 505 |
0 |
|
|a Introduction / Ann Luce -- Ethics, Responsibility and Self-Care. Journalism Standards on the Job / Chris Frost -- Learning to Cope with the Tough Times / Lyn Barnes -- Reporting Sensitive Topics. Reporting Child Sexual Abuse / Amanda Gearing -- Reporting Suicide / Ann Luce -- Reporting Violence. Reporting Mass Shootings / Glynn Greensmith -- Reporting Urban Violence and Gangs / Mathew Charles -- Reporting Health. Reporting "Critical" Health Journalism / John Lister -- Reporting on Drugs, Diets, Devices and Other Health Interventions / Kim Walsh-Childers -- Reporting Science and the Environment. Reporting Controversial Science / Shelley Thompson & Hilary Stepien -- Reporting Climate Change / Bob Wyss -- Reporting Natural Disasters in the Digital Age / Amanda Gearing -- Reporting Cultural, Ethnic and Geographical Difference. Reporting on "Other" Cultures / Alex Wake -- Reporting on International Migration / Jeremaiah Opiniano -- Conclusion: Further Hints and Tips.
|
| 526 |
|
|
|a PPDM, ARC
|
| 541 |
|
|
|a Book Finder International
|e 39617
|
| 650 |
|
0 |
|a Journalistic ethics.
|9 51377
|
| 650 |
|
0 |
|a Violence
|x Press coverage.
|9 51378
|
| 650 |
|
0 |
|a Crises
|x Press coverage.
|9 51379
|
| 650 |
|
0 |
|a Climatic changes
|x Press coverage.
|9 51380
|
| 650 |
|
0 |
|a Natural disasters
|x Press coverage.
|9 51381
|
| 650 |
|
0 |
|a Social problems
|x Press coverage.
|9 51382
|
| 650 |
|
0 |
|a Science
|x Press coverage.
|9 51383
|
| 650 |
|
0 |
|a BUSINESS & ECONOMICS / Environmental Economics.
|9 51384
|
| 700 |
1 |
|
|a Luce, Ann,
|e editor.
|9 51385
|
| 852 |
|
|
|a Ayesha Abed Library
|c General Stacks
|
| 942 |
|
|
|2 ddc
|c BK
|
| 952 |
|
|
|0 0
|1 0
|2 ddc
|4 0
|6 174_907000000000000_ETH
|7 0
|9 71852
|a BRACUL
|b BRACUL
|c GEN
|d 2022-09-12
|e Book Finder International
|g 2275.37
|l 2
|m 8
|o 174.907 ETH
|p 3010039617
|r 2024-02-14
|s 2023-10-04
|t 1
|v 2275.37
|w 2022-09-12
|y BK
|